Statistics for Top Scorers/Most Capped Players for Belgium

Click here to take the quiz!

General Stats

  • This quiz has been taken 56 times
  • The average score is 9 of 20

Answer Stats

PlaceGoalsPlayer% Correct
159Romelu Lukaku
100%
891Romelu Lukaku
100%
232Eden Hazard
93%
4106Eden Hazard
93%
1126Jan Vertonghen
80%
3107Toby Alderweireld
76%
2110Axel Witsel
71%
989Vincent Kompany
69%
1087Marouane Fellaini
58%
696Dries Mertens
53%
529Marc Wilmots
36%
596Jan Ceulemans
20%
794Timmy Simons
16%
924Wesley Sonck
13%
430Paul van Himst
11%
1023Marc Degryse
7%
627Joseph Mermans
4%
330Bernard Voorhoof
2%
726Ray Braine
2%
826Robert de Veen
2%

Score Distribution

Percentile by Number Answered

Percent of People with Each Score

Your Score History

You have not taken this quiz